000 00711nam a2200241 a 4500
999 _c611
_d611
008 190925r20042010ii a|||g |||| 001 0 eng d
020 _a9788126514137
_cRs. 539.00
040 _aKO
_beng
041 0 _aeng
044 _aii
082 0 4 _223
_a337
_bSa388
100 1 _aSalvatore, Dominick
245 1 0 _aInternational Economics /
_cDominick Salvatore
250 _a8th ed.
260 _aNew Delhi :
_bWiley India (P) Ltd,
_c2004
300 _axxxviii, 826 p. :
_bill. ;
_c23.5 cm.
504 _aIncludes index.
650 0 _aEconomic policy
_xInternational trade
_vTextbooks
650 0 _aInternational relations
_xInternational economic relations
_vTextbooks
904 _aS_JOY
942 _cBK